Todavía : esbozo de una filosofía existencial del tiempo /

Reflexión filosófica sobre el tiempo que plantea una disertación sobre el fluir del tiempo presente, el tiempo que ocurre en el momento, el ser en el mundo y a partir del cual se definen el pasado y el futuro. Teje las reflexiones del presente o, el todavía, con la libertad, la alteridad, la experie...

সম্পূর্ণ বিবরণ

সংরক্ষণ করুন:
গ্রন্থ-পঞ্জীর বিবরন
প্রধান লেখক: Chillón, José Manuel (autor)
বিন্যাস: গ্রন্থ
ভাষা:স্প্যানিশ
প্রকাশিত: Granada, España : Comares, 2025, c2025
মালা:(Comares Filosofía)
বিষয়গুলি:
ট্যাগগুলো: ট্যাগ যুক্ত করুন
কোনো ট্যাগ নেই, প্রথমজন হিসাবে ট্যাগ করুন!

MARC

LEADER 00000nam^a2200000^a^4500
001 000625058
005 20251128000000.0
009 20260310134008.88
020 |a 978-84-1369-956-1 
037 |a Acervo ITESO - Biblioteca 
041 |a ESP 
082 |a 115.  |b CHI 
100 |a Chillón, José Manuel  |e (autor) 
245 1 0 |a Todavía :  |b esbozo de una filosofía existencial del tiempo /  |c J.M. Chillón. 
264 4 |a Granada, España :  |b Comares,  |c 2025, c2025 
300 |a 163 p. 
336 |a texto  |b txt  |2 rdacontenido 
337 |a sin mediación  |b n  |2 rdamedio 
338 |a volumen  |b nc  |2 rdasoporte 
440 1 |a (Comares Filosofía) 
520 |a Reflexión filosófica sobre el tiempo que plantea una disertación sobre el fluir del tiempo presente, el tiempo que ocurre en el momento, el ser en el mundo y a partir del cual se definen el pasado y el futuro. Teje las reflexiones del presente o, el todavía, con la libertad, la alteridad, la experiencia religiosa y la esperanza. 
521 |a Peticiones 2025 
649 |a XX 
650 |a Espacio y Tiempo 
650 |a Tiempo -  |x Filosofía -  |x Tema Principal 
650 |a Experiencia -  |x Filosofía 
650 |a Existencialismo 
650 |a Filosofía del Siglo XXI -  |x Historia y Crítica 
650 |a Filosofía -  |x Historia y Crítica 
910 |a Fondo General 
920 |a Impresos - Libros 
930 |a Colección General 
905 |a 101 
901 |a 625058-10  |b IT1  |c ACC  |i C191166  |u 20251128 
902 |a https://opac.biblio.iteso.mx/vufind/Record/000625058